[Event "Reykjavik Open 2026"]
[Site "Reykjavik ISL"]
[Date "2026.03.30"]
[Round "8.198"]
[White "Sigurdardottir, Emilia"]
[Black "Birgisson, Hilmar Freyr"]
[Result "1/2-1/2"]
[WhiteElo "1435"]
[BlackElo "1651"]
[WhiteFideId "2322021"]
[BlackFideId "2322943"]
[EventDate "2026.03.25"]

1. e4 c5 2. Nf3 Nc6 3. d4 cxd4 4. Nxd4 e5 5. Nxc6 bxc6 6. Bc4 Nf6 7. Bg5 Be7 8.
Nc3 d6 9. Bxf6 Bxf6 10. O-O O-O 11. Re1 Bg5 12. Qd3 Kh8 13. Ba6 Bg4 14. Bb7 Rb8
15. Bxc6 Rxb2 16. Rab1 Rxb1 17. Rxb1 f5 18. h3 fxe4 19. Bxe4 Be6 20. Rb7 h6 21.
Rxa7 Qb6 22. Ra8 Qxf2+ 23. Kh1 Qe1+ 24. Kh2 Bf4+ 25. g3 Qf2+ 26. Kh1 Rxa8 27.
Bxa8 Bxg3 28. Qe2 Qd4 29. Qf3 Bf4 30. a4 Qd2 31. Ne2 Qd1+ 32. Kg2 Qxc2 33. Kf1
Qxa4 34. Qb7 Bxh3+ 35. Kf2 Be6 36. Qb8+ Bg8 37. Bd5 Qa7+ 38. Qxa7 Bxd5 39. Qb8+
Bg8 40. Qxd6 Bg5 41. Qxe5 Bf6 42. Qe4 Bh7 43. Qe8+ Bg8 44. Nf4 Bh4+ 45. Kf3 Bg5
46. Ne6 Bf6 47. Nf8 Bd5+ 48. Kf4 Bg8 49. Ng6+ Kh7 50. Ne7 Be6 51. Nf5 Bb3 52.
Qd7 Bg5+ 53. Ke4 Bf6 54. Nd4 Ba2 55. Qf5+ Kh8 56. Qa5 Bb1+ 57. Kf3 Kh7 58. Ne6
Bc2 59. Nxg7 Bxg7 60. Qc7 Bg6 61. Kf4 Bd3 62. Qd6 Bg6 63. Qe7 Bb1 64. Kg4 Bg6
65. Qe6 Bh8 66. Kf4 Bg7 67. Qh3 Bb1 68. Kg4 Bg6 69. Qa3 Bh8 70. Kh4 Bf6+ 71. Kh3
Bg7 1/2-1/2

[Event "Reykjavik Open 2026"]
[Site "Reykjavik ISL"]
[Date "2026.03.31"]
[Round "9.1"]
[White "Tabatabaei, M. Amin"]
[Black "Andersen, Mads"]
[Result "1/2-1/2"]
[WhiteTitle "GM"]
[BlackTitle "GM"]
[WhiteElo "2700"]
[BlackElo "2562"]
[WhiteFideId "12521213"]
[BlackFideId "1413864"]
[EventDate "2026.03.25"]

1. d4 d5 2. Nc3 Nf6 3. Bf4 e6 4. Nb5 Na6 5. e3 Be7 6. Nf3 O-O 7. h4 c6 8. Nc3 c5
9. Bxa6 bxa6 10. O-O Bd7 11. Ne5 Be8 12. h5 h6 13. Nd3 cxd4 14. exd4 Qb6 15. Be3
Rc8 16. a4 a5 17. Qf3 Qb7 18. Rfc1 Rc4 19. Ne5 Rc8 20. Nd3 Rc4 21. Qe2 Rc8 22.
Nb1 Ne4 23. Nd2 Nxd2 24. Qxd2 Qb6 25. b3 f6 26. Nf4 Bd6 27. Nxe6 Bb4 28. c3 Qxe6
29. cxb4 axb4 30. Rxc8 Qxc8 31. Rc1 Qf5 32. Qxb4 Bxh5 33. Rc7 a6 34. Qb7 Bf7 35.
Qxa6 Qb1+ 36. Kh2 Qxb3 37. a5 Qd1 38. Rc1 Qa4 39. Rc8 Rxc8 40. Qxc8+ Qe8 41. Qb7
Be6 42. f3 Bc8 43. Qxd5+ Qe6 44. Qa8 Kf7 45. Bf4 g5 46. Bc7 Qd7 47. Qb8 g4 48.
f4 h5 49. Bb6 h4 50. Qc7 Qxc7 51. Bxc7 1/2-1/2

[Event "Reykjavik Open 2026"]
[Site "Reykjavik ISL"]
[Date "2026.03.31"]
[Round "9.2"]
[White "Ivanchuk, Vasyl"]
[Black "Sanal, Vahap"]
[Result "1/2-1/2"]
[WhiteTitle "GM"]
[BlackTitle "GM"]
[WhiteElo "2624"]
[BlackElo "2551"]
[WhiteFideId "14100010"]
[BlackFideId "6300545"]
[EventDate "2026.03.25"]

1. e4 e5 2. Nf3 Nc6 3. Bb5 Nf6 4. O-O Nxe4 5. Re1 Nd6 6. Nxe5 Be7 7. Bf1 Nxe5 8.
Rxe5 O-O 9. d4 Bf6 10. Re1 Nf5 11. d5 d6 12. Nd2 h6 13. a4 c6 14. Ne4 Be5 15. c3
cxd5 16. Qxd5 Ne7 17. Qd1 d5 18. Nd2 Bf6 19. Nb3 Bf5 20. Be3 Nc6 21. Bc5 Be7 22.
Bxe7 Nxe7 23. Nd4 Bg6 24. Qb3 Qc7 25. g3 Be4 26. f3 Bg6 27. Bg2 Rad8 28. f4 a6
29. Rad1 Rd6 30. Re5 Be4 31. Bxe4 dxe4 32. Rxe4 Nc6 33. Nxc6 Qxc6 34. Re2 Rfd8
35. Rxd6 Rxd6 36. Re7 Qc5+ 37. Kf1 Qf5 38. Qxb7 Rd1+ 39. Kf2 Rd2+ 40. Re2 Qc5+
41. Ke1 Rd5 42. Kf1 Rd1+ 43. Kg2 Rg1+ 44. Kf3 Rf1+ 45. Kg4 g6 46. Re5 Qc4 47.
Re8+ Kh7 48. Qb8 Rf2 49. Rh8+ Kg7 50. Rg8+ Kh7 51. Rh8+ Kg7 52. Qf8+ Kf6 53.
Qd6+ Kg7 54. Qf8+ Kf6 55. Qd8+ Kg7 56. Rg8+ Kh7 57. Rh8+ 1/2-1/2

[Event "Reykjavik Open 2026"]
[Site "Reykjavik ISL"]
[Date "2026.03.31"]
[Round "9.3"]
[White "Zhou, Jianchao"]
[Black "Wadsworth, Matthew J"]
[Result "1-0"]
[WhiteTitle "GM"]
[BlackTitle "GM"]
[WhiteElo "2584"]
[BlackElo "2522"]
[WhiteFideId "8603537"]
[BlackFideId "415804"]
[EventDate "2026.03.25"]

1. Nf3 d5 2. e3 Nf6 3. c4 c6 4. Nc3 Bf5 5. cxd5 cxd5 6. Qb3 Bc8 7. d4 e6 8. Bd3
Nc6 9. O-O Be7 10. Bd2 O-O 11. Rfc1 Bd7 12. h3 Be8 13. Be1 Na5 14. Qd1 Nc4 15.
Qe2 Nd6 16. Rc2 Rc8 17. Rac1 a6 18. Ne5 Nd7 19. b3 f5 20. Qd1 Kh8 21. Ne2 Rxc2
22. Qxc2 Nxe5 23. dxe5 Nf7 24. Nd4 Bd7 25. Bxf5 exf5 26. e6 Nd6 27. exd7 Qxd7
28. Qc7 Rd8 29. Qxd7 Rxd7 30. Rc5 g6 31. Rxd5 Rc7 32. Bb4 Ne4 33. Bxe7 Rxe7 34.
Ne2 Rc7 35. f3 Rc2 36. Nd4 Rc1+ 37. Kh2 Nf6 38. Rd6 Kg7 39. Ne6+ Kf7 40. Ng5+
Kg7 41. Rb6 Rc2 42. Rxb7+ Kg8 43. Ne6 1-0

[Event "Reykjavik Open 2026"]
[Site "Reykjavik ISL"]
[Date "2026.03.31"]
[Round "9.4"]
[White "Xiao, Tong(QD)"]
[Black "Deac, Bogdan-Daniel"]
[Result "1/2-1/2"]
[WhiteTitle "GM"]
[BlackTitle "GM"]
[WhiteElo "2555"]
[BlackElo "2655"]
[WhiteFideId "8622388"]
[BlackFideId "1226380"]
[EventDate "2026.03.25"]

1. e4 c5 2. Nf3 Nc6 3. Bb5 e6 4. Bxc6 bxc6 5. b3 f6 6. O-O Nh6 7. d4 Nf7 8. Ba3
cxd4 9. Bxf8 Kxf8 10. Qxd4 e5 11. Qb4+ Qe7 12. Qd2 g6 13. c4 d6 14. Nc3 Kg7 15.
Ne1 f5 16. exf5 Bxf5 17. Nc2 Bxc2 18. Qxc2 Rhf8 19. Rae1 Ng5 20. f4 Nf7 21. Qe4
Qc7 22. fxe5 1/2-1/2

[Event "Reykjavik Open 2026"]
[Site "Reykjavik ISL"]
[Date "2026.03.31"]
[Round "9.5"]
[White "Stefansson, Vignir Vatnar"]
[Black "Balabayeva, Xeniya"]
[Result "1-0"]
[WhiteTitle "GM"]
[BlackTitle "WGM"]
[WhiteElo "2511"]
[BlackElo "2365"]
[WhiteFideId "2308649"]
[BlackFideId "13719688"]
[EventDate "2026.03.25"]

1. Nf3 d5 2. g3 Nf6 3. Bg2 e6 4. O-O Be7 5. c4 O-O 6. b3 c5 7. cxd5 exd5 8. d4
Nc6 9. Bb2 Ne4 10. Nc3 Bf6 11. Nxe4 dxe4 12. Nd2 cxd4 13. Nxe4 Be7 14. Rc1 Qb6
15. Nd2 Rd8 16. Nc4 Qa6 17. a3 Be6 18. Qd3 Rac8 19. f4 Qb5 20. f5 Bxc4 21. Qxc4
Qe5 22. Qd3 Bg5 23. Rc2 Qe7 24. Qe4 Be3+ 25. Kh1 Qxe4 26. Bxe4 Na5 27. b4 Rxc2
28. Bxc2 Rc8 29. Bd3 Nc4 30. Bc1 Kf8 31. f6 gxf6 32. Bxh7 Ne5 33. Bxe3 dxe3 34.
Be4 Rc3 35. Bxb7 Rxa3 36. Rxf6 Ra2 37. Rf5 Nd3 38. Bf3 Ra1+ 39. Kg2 Ne1+ 40. Kh3
Nxf3 41. Rxf3 Rb1 42. Rxe3 Rxb4 43. Ra3 Re4 44. e3 a5 45. Rxa5 Rxe3 46. Kg4 Kg7
47. Kh5 Rb3 48. Rg5+ Kh7 49. Rf5 Kg7 50. Kg5 Ra3 51. Kg4 Ra4+ 52. Kh5 Rb4 53. h4
Rc4 54. Kg5 Rc6 55. Ra5 Rg6+ 56. Kf4 Rf6+ 57. Rf5 Ra6 58. Re5 Ra4+ 59. Re4 Ra6
60. h5 Rf6+ 61. Kg5 Ra6 62. g4 Ra5+ 63. Kf4 Ra1 64. Kf5 Ra5+ 65. Re5 Ra1 66. Rb5
Rf1+ 67. Kg5 f6+ 68. Kh4 Rf3 69. Rb7+ Kh6 70. Rf7 Rf4 71. Kg3 Rf1 72. Ra7 Rg1+
73. Kf3 Rf1+ 74. Ke4 Re1+ 75. Kf3 Rf1+ 76. Kg2 Rf4 77. Kg3 Rf1 78. Rf7 Rg1+ 79.
Kf4 Rf1+ 80. Ke4 Rf2 81. Rf8 Rf1 82. Rg8 Re1+ 83. Kf5 Rf1+ 84. Ke6 Rf4 85. Rg6+
Kh7 86. Kf7 Ra4 87. Kxf6 Ra6+ 88. Kg5 Ra5+ 89. Kh4 Ra7 90. Rb6 Rc7 91. h6 Rc5
92. g5 Rc7 93. Kh5 Rc5 94. Rb7+ Kg8 95. Re7 Ra5 96. Kg6 Ra6+ 97. Kf5 Ra1 98. Kf6
Rf1+ 99. Kg6 Rf8 100. Re5 Ra8 101. Kh5 Ra1 102. Rf5 Ra8 103. g6 Rb8 104. h7+ Kg7
105. Rf7+ 1-0

[Event "Reykjavik Open 2026"]
[Site "Reykjavik ISL"]
[Date "2026.03.31"]
[Round "9.6"]
[White "Gupta, Abhijeet"]
[Black "Yilmaz, Mustafa"]
[Result "1-0"]
[WhiteTitle "GM"]
[BlackTitle "GM"]
[WhiteElo "2506"]
[BlackElo "2582"]
[WhiteFideId "5010608"]
[BlackFideId "6302718"]
[EventDate "2026.03.25"]

1. d4 Nf6 2. c4 e6 3. Nf3 d5 4. Nc3 Bb4 5. cxd5 exd5 6. Bf4 c5 7. g3 O-O 8. Bg2
Nc6 9. O-O c4 10. Bg5 Be6 11. Ne5 Qa5 12. Bxf6 gxf6 13. Nxc6 bxc6 14. Na4 Rab8
15. b3 Rfd8 16. Qc2 Bf8 17. e3 c5 18. Rfd1 cxd4 19. Rxd4 f5 20. Rad1 Bg7 21.
bxc4 Bxd4 22. exd4 dxc4 23. Nc3 Rd6 24. Qc1 Rbd8 25. d5 Bc8 26. Rd4 h6 27. Bf1
Re8 28. Rxc4 Qd8 29. Rc5 a6 30. Qf4 Qf6 31. Nd1 Bd7 32. Ne3 Rc8 33. Rxc8+ Bxc8
34. Bd3 Rd8 35. h4 Qd6 36. Qd4 f4 37. gxf4 Re8 38. Kg2 Qf8 39. Kf3 Qg7 40. Qa4
Rd8 41. Bxa6 Qf6 42. Bxc8 Rxc8 43. Qd7 Rc3 44. Qe8+ Kg7 45. Qe5 Ra3 46. h5 Qxe5
47. fxe5 Kf8 48. Ke4 Ra4+ 49. Kf5 Rh4 50. Kf6 Rxh5 51. d6 Rg5 52. f4 Rg6+ 53.
Kf5 Ke8 54. Nd5 Kd8 55. Ne7 Rg2 56. Kf6 Ke8 57. f5 h5 58. Nd5 h4 59. e6 fxe6 60.
fxe6 Re2 61. d7+ Kd8 62. Nb4 Kc7 63. Nc6 Rd2 64. d8=Q+ Rxd8 65. Nxd8 h3 66. e7
h2 67. e8=Q h1=Q 68. Ne6+ Kb7 69. Qb5+ Ka7 70. Qa5+ Kb7 71. Qb4+ Kc8 72. Qc4+
Kb7 73. Qe4+ Qxe4 74. Nc5+ Kc6 75. Nxe4 Kb5 76. Nc3+ Kb4 77. a4 1-0

[Event "Reykjavik Open 2026"]
[Site "Reykjavik ISL"]
[Date "2026.03.31"]
[Round "9.7"]
[White "Amar, Elham"]
[Black "Akhvlediani, Irakli"]
[Result "0-1"]
[WhiteTitle "GM"]
[BlackTitle "IM"]
[WhiteElo "2581"]
[BlackElo "2429"]
[WhiteFideId "1533533"]
[BlackFideId "13601938"]
[EventDate "2026.03.25"]

1. e4 e5 2. Nf3 Nc6 3. Bb5 a6 4. Ba4 Nf6 5. O-O Be7 6. Re1 b5 7. Bb3 O-O 8. c3
d5 9. exd5 Nxd5 10. Nxe5 Nxe5 11. Rxe5 c6 12. d4 Bd6 13. Re1 Qh4 14. g3 Qh3 15.
Re4 g5 16. Qf1 Qh5 17. Nd2 f5 18. Re1 f4 19. Ne4 Bh3 20. Qd3 Rae8 21. Bd2 Bf5
22. gxf4 gxf4 23. f3 Kh8 24. Qf1 Rg8+ 25. Kh1 Bh3 26. Qf2 Bg2+ 0-1

[Event "Reykjavik Open 2026"]
[Site "Reykjavik ISL"]
[Date "2026.03.31"]
[Round "9.8"]
[White "Tiglon, Bryce"]
[Black "Batsiashvili, Nino"]
[Result "1/2-1/2"]
[WhiteTitle "GM"]
[BlackTitle "GM"]
[WhiteElo "2550"]
[BlackElo "2472"]
[WhiteFideId "2087456"]
[BlackFideId "13602993"]
[EventDate "2026.03.25"]

1. e4 e5 2. Nf3 Nc6 3. Bb5 a6 4. Ba4 Nf6 5. O-O Be7 6. Re1 b5 7. Bb3 d6 8. c3
O-O 9. h3 Be6 10. d4 Bxb3 11. Qxb3 h6 12. Nbd2 Re8 13. Nf1 Bf8 14. Ng3 Qd7 15.
a4 exd4 16. cxd4 bxa4 17. Qxa4 a5 18. Bd2 Nb4 19. Bc3 Reb8 20. Nh5 Qxa4 21.
Nxf6+ gxf6 22. Rxa4 d5 23. exd5 Nxd5 24. Rxa5 Rxa5 25. Bxa5 Rxb2 26. Bd2 Kg7 27.
g3 h5 28. Re2 Kh7 29. Kf1 Rb1+ 30. Re1 Rb2 31. Ra1 Bb4 32. Bxb4 Nxb4 33. Re1 Nd3
34. Re2 Rb1+ 35. Kg2 c5 36. dxc5 Nxc5 37. Nh4 Ne6 38. Re3 Rb5 39. Rf3 Kg7 40.
Rf5 Re5 41. f4 Rxf5 42. Nxf5+ Kg6 43. Ne7+ Kg7 44. Kf3 Nc5 45. Ke3 Nb3 46. Ke4
Nd2+ 47. Ke3 Nf1+ 48. Kf2 Nd2 49. Nf5+ Kg6 50. Ne7+ Kg7 51. h4 Kh7 52. f5 Ne4+
53. Kf3 Nd6 54. Kf4 Kg7 55. Nd5 Nc4 56. Nb4 Nd6 57. Nc6 Nc4 58. Nd4 Nd6 59. Kf3
Kf8 60. Ke3 Kg7 61. Kf4 Kf8 62. Nc6 Kg8 63. Nb4 Kg7 64. Nc2 Nc4 65. Ne1 Nd6 66.
Nd3 Nb5 67. Nc5 Nc3 68. Ke3 Nd5+ 69. Kd4 Ne7 70. Ke4 Nc8 71. Nb7 Kf8 72. Kd4 Ne7
73. Nd6 Ng8 74. Kc4 Nh6 75. Kc5 Ke7 76. Kd5 Kd7 77. Ne4 Ke7 78. Nd6 Kd7 79. Kc5
Ke7 80. Kd5 1/2-1/2

[Event "Reykjavik Open 2026"]
[Site "Reykjavik ISL"]
[Date "2026.03.31"]
[Round "9.9"]
[White "Balakrishnan, Praveen"]
[Black "Can, Emre"]
[Result "1/2-1/2"]
[WhiteTitle "GM"]
[BlackTitle "GM"]
[WhiteElo "2496"]
[BlackElo "2541"]
[WhiteFideId "2064871"]
[BlackFideId "6302181"]
[EventDate "2026.03.25"]

1. e4 c5 2. Nf3 d6 3. d4 cxd4 4. Nxd4 Nf6 5. Nc3 a6 6. f3 e5 7. Nb3 Be6 8. Be3
Be7 9. Qd2 h5 10. O-O-O Nbd7 11. Kb1 Rc8 12. a3 b5 13. Bg5 O-O 14. h4 Re8 15. g4
hxg4 16. fxg4 Rxc3 17. Qxc3 Nxe4 18. Qf3 Bxg5 19. Qxe4 d5 20. Rxd5 Bxd5 21. Qxd5
Bf4 22. Bg2 Nf6 23. Qf3 g6 24. g5 Nh5 25. Nc5 Qd4 26. Ne4 Rd8 27. Re1 b4 28. a4
Kf8 29. Bh3 Qd5 30. Bg4 Ng3 31. h5 Nxe4 32. Rxe4 gxh5 33. Bxh5 a5 34. Qe2 Qc5
35. Qc4 Qxc4 36. Rxc4 Bxg5 37. Rc5 f6 38. Rxa5 e4 39. Rb5 e3 40. Rxb4 Rd2 41.
Re4 Rh2 42. Bf3 Rf2 43. Bh5 Rh2 44. Bf3 Rf2 45. Bh5 1/2-1/2

[Event "Reykjavik Open 2026"]
[Site "Reykjavik ISL"]
[Date "2026.03.31"]
[Round "9.10"]
[White "Cornette, Matthieu"]
[Black "Ragnarsson, Dagur"]
[Result "1-0"]
[WhiteTitle "GM"]
[BlackTitle "IM"]
[WhiteElo "2535"]
[BlackElo "2376"]
[WhiteFideId "620084"]
[BlackFideId "2304058"]
[EventDate "2026.03.25"]

1. e4 e5 2. Nf3 Nf6 3. Nc3 Bb4 4. Nxe5 O-O 5. Nd3 Bxc3 6. dxc3 Nxe4 7. Be3 Re8
8. Qe2 d5 9. O-O-O Nd6 10. Qf3 c6 11. g4 Qh4 12. h3 Nd7 13. Bf4 Ne4 14. Qg2 Ndc5
15. Nxc5 Nxc5 16. Be3 b6 17. Be2 Ba6 18. Bf3 Ne4 19. g5 Re5 20. Rd4 Rae8 21. Ra4
Bc8 22. Rxa7 Nxg5 23. Bg4 Ne4 24. Bxc8 Rxc8 25. Rg1 g6 26. Qf3 Nd6 27. Rd7 Nf5
28. Bd4 Qh6+ 29. Kd1 Rce8 30. Bxe5 Rxe5 31. Rg4 Qf8 32. Qf4 Re6 33. Rb7 Nd6 34.
Rxb6 Qe8 35. Rg1 Kg7 36. Qd4+ f6 37. b3 Ne4 38. Rb7+ Kh6 39. Kc1 c5 40. Qxd5 Rd6
41. Qf7 Qxf7 42. Rxf7 Nxc3 43. Kb2 Ne4 44. f4 c4 45. b4 c3+ 46. Kb3 Rc6 47. Rd1
Nd2+ 48. Rxd2 cxd2 49. Rd7 g5 50. fxg5+ Kxg5 51. Rxd2 Kf4 52. b5 Rb6 53. a4 Ke3
54. Rd7 f5 55. Rf7 f4 56. c4 f3 57. a5 Rg6 58. a6 Rg1 59. a7 Ra1 60. b6 f2 61.
Rxf2 Kxf2 62. b7 1-0

[Event "Reykjavik Open 2026"]
[Site "Reykjavik ISL"]
[Date "2026.03.31"]
[Round "9.11"]
[White "Ajay Krishna, S"]
[Black "Maze, Sebastien"]
[Result "1/2-1/2"]
[WhiteTitle "IM"]
[BlackTitle "GM"]
[WhiteElo "2354"]
[BlackElo "2530"]
[WhiteFideId "5096430"]
[BlackFideId "613762"]
[EventDate "2026.03.25"]

1. d4 Nf6 2. Nf3 d5 3. e3 c5 4. c3 e6 5. Bd3 Nbd7 6. O-O Bd6 7. Nbd2 Qc7 8. h3
a6 9. Qe2 b6 10. e4 dxe4 11. Nxe4 Bb7 12. Nxd6+ Qxd6 13. Rd1 Qc6 14. Bf4 cxd4
15. cxd4 O-O 16. Rac1 Qd5 17. Rc7 b5 18. a3 Rfc8 19. Rdc1 h6 20. Qd2 Rxc7 21.
Rxc7 Rc8 22. Rxc8+ Bxc8 23. Qa5 Nf8 24. a4 bxa4 25. Qxa4 Qb7 26. Qa5 Qxb2 27.
Qd8 Bb7 28. Ne5 Be4 29. Bxa6 Qa3 30. Bf1 Qa8 31. Qc7 Bg6 32. Bd2 Nd5 33. Qd6 Bc2
34. Qc6 Qxc6 35. Nxc6 Bb3 36. Nb4 Ne7 37. Bd3 Nd7 38. Bf4 g5 39. Bd6 Nd5 40.
Nxd5 Bxd5 41. Bb5 Nb6 42. Bc5 Bc4 43. Bxb6 1/2-1/2

[Event "Reykjavik Open 2026"]
[Site "Reykjavik ISL"]
[Date "2026.03.31"]
[Round "9.12"]
[White "Tari, Aryan"]
[Black "Kurmangaliyeva, Liya"]
[Result "1/2-1/2"]
[WhiteTitle "GM"]
[BlackTitle "FM"]
[WhiteElo "2642"]
[BlackElo "2319"]
[WhiteFideId "1510045"]
[BlackFideId "13725831"]
[EventDate "2026.03.25"]

1. e4 d6 2. d4 Nf6 3. Nc3 e5 4. Nf3 Nbd7 5. Bd3 Be7 6. O-O O-O 7. Re1 c6 8. a4
exd4 9. Nxd4 Ne5 10. Bf1 Re8 11. h3 Bf8 12. Bf4 Bd7 13. Bh2 a6 14. a5 b5 15.
axb6 Qxb6 16. Nb3 a5 17. Bf4 h6 18. Qc1 c5 19. Nd2 Ng6 20. Nc4 Qc7 21. Bh2 Bc6
22. Qd2 Nxe4 23. Nxe4 Rxe4 24. Rxe4 Bxe4 25. Re1 Qb7 26. Nxa5 Qd5 27. Qc3 Ne5
28. f4 Nc6 29. Bc4 Qd4+ 30. Qxd4 Nxd4 31. Rxe4 Rxa5 32. c3 Nf5 33. Re1 Ra8 34.
g4 Ne7 35. f5 d5 36. Bf1 Rd8 37. Bb5 f6 38. Bc7 Rc8 39. Bd6 Nc6 40. Bg3 Kf7 41.
Rd1 d4 42. Bc4+ Ke7 43. Be6 Ra8 44. Kf2 Ra6 45. Kf3 Rb6 46. Rd2 Nd8 47. Bc4 Nf7
48. Re2+ Ne5+ 49. Bxe5 fxe5 50. Rxe5+ Kf6 51. Re8 Be7 52. cxd4 Rxb2 53. Rc8 Rc2
54. Rc6+ Kg5 55. Rg6+ Kh4 56. Rxg7 Bg5 57. Bf1 cxd4 58. Rg6 Rc3+ 59. Ke4 Re3+
60. Kxd4 Rf3 61. Be2 Rf2 62. Kd3 Kxh3 63. Ra6 Kg3 64. Re6 Rf4 65. Re3+ Kg2 66.
Re4 Kg3 67. Re3+ Kg2 68. Re6 Kg3 69. Ra6 Kf2 70. Bd1 Kg3 71. Ra2 Rf1 72. Be2 Rf4
73. Ra1 Kg2 74. Rb1 Bf6 75. Rb6 Bg5 76. Re6 Kg3 77. Re4 Rxe4 78. Kxe4 Bf6 79.
Bd1 Ba1 80. Kd5 Kf4 1/2-1/2

[Event "Reykjavik Open 2026"]
[Site "Reykjavik ISL"]
[Date "2026.03.31"]
[Round "9.13"]
[White "Stefansson, Hannes"]
[Black "Lagarde, Maxime"]
[Result "0-1"]
[WhiteTitle "GM"]
[BlackTitle "GM"]
[WhiteElo "2417"]
[BlackElo "2618"]
[WhiteFideId "2300087"]
[BlackFideId "662399"]
[EventDate "2026.03.25"]

1. e4 c5 2. Nf3 e6 3. d4 cxd4 4. Nxd4 Nf6 5. Nc3 Nc6 6. Nxc6 bxc6 7. e5 Nd5 8.
Ne4 Qc7 9. f4 Qb6 10. c4 Bb4+ 11. Ke2 f5 12. exf6 Nxf6 13. Be3 Qd8 14. Nd6+ Bxd6
15. Qxd6 Bb7 16. Bd4 Ne4 17. Qe5 c5 18. Bxc5 Nxc5 19. Qxc5 Rc8 20. Qb4 Qc7 21.
f5 a5 22. Qc3 O-O 23. Kd2 Rxf5 24. Re1 Rf2+ 25. Re2 Qf4+ 26. Ke1 Rf8 0-1

[Event "Reykjavik Open 2026"]
[Site "Reykjavik ISL"]
[Date "2026.03.31"]
[Round "9.14"]
[White "Kjartansson, Gudmundur"]
[Black "Maurizzi, MarcAndria"]
[Result "1/2-1/2"]
[WhiteTitle "GM"]
[BlackTitle "GM"]
[WhiteElo "2416"]
[BlackElo "2614"]
[WhiteFideId "2301318"]
[BlackFideId "36083534"]
[EventDate "2026.03.25"]

1. Nf3 Nf6 2. g3 g6 3. Bg2 Bg7 4. d4 O-O 5. c4 d6 6. Nc3 c6 7. O-O Qb6 8. Qc2
Na6 9. a3 Bg4 10. Rd1 c5 11. d5 Nc7 12. Nd2 Qa6 13. a4 Qb6 14. a5 Qa6 15. Ra3 b5
16. axb6 Qxb6 17. h3 Bd7 18. e4 e5 19. dxe6 Nxe6 20. Nf3 Rab8 21. Be3 Rfd8 22.
Rd2 Be8 23. Qd1 Bc6 24. Nd5 Qb7 25. Ne1 Ne8 26. b4 Nd4 27. bxc5 dxc5 28. Nd3
Bxd5 29. exd5 Nd6 30. Nxc5 Qb4 31. Ra4 Qxc5 32. Bxd4 Bxd4 33. Rxd4 Rb2 34. Rf4
Re8 35. Ra1 Ree2 36. Qd4 Qxd4 37. Rxd4 Rxf2 38. Bf1 Rfc2 39. g4 Kg7 40. Rxa7 Rb1
41. Rf4 Rxc4 42. Raxf7+ Nxf7 43. Rxc4 Rd1 44. Rc7 Kf6 45. Kf2 Ne5 46. Rxh7 Rxd5
47. Be2 Ra5 48. Rh8 Ra2 49. Rf8+ Kg5 50. Rb8 Ra3 51. Rb5 Kf4 52. Rb4+ Kg5 53.
Rb5 1/2-1/2

[Event "Reykjavik Open 2026"]
[Site "Reykjavik ISL"]
[Date "2026.03.31"]
[Round "9.15"]
[White "Sklokin, Sergey"]
[Black "Warmerdam, Max"]
[Result "1/2-1/2"]
[WhiteTitle "FM"]
[BlackTitle "GM"]
[WhiteElo "2414"]
[BlackElo "2575"]
[WhiteFideId "55730230"]
[BlackFideId "1048104"]
[EventDate "2026.03.25"]

1. e4 c5 2. Nf3 d6 3. d4 cxd4 4. Nxd4 Nf6 5. Nc3 e6 6. Be3 a6 7. f3 h5 8. Bc4
Bd7 9. a3 Nc6 10. Nxc6 Bxc6 11. Qd2 Be7 12. O-O b5 13. Bd3 h4 14. a4 b4 15. Ne2
h3 16. g3 Qb8 17. Nd4 Bd7 18. Qe2 Qb7 19. Bf2 O-O 20. Nb3 Rfc8 21. Nd2 Bc6 22.
Nc4 Nd7 23. Rfe1 a5 24. Qf1 g6 25. Qxh3 e5 26. Qh6 d5 27. exd5 Bxd5 28. Bxg6 Nf8
29. Nxe5 fxg6 30. Nxg6 Bf6 31. Ne7+ Bxe7 32. Bd4 Kf7 33. Qh5+ Kg8 34. Qg4+ Kf7
35. Qh5+ Kg8 36. Re5 Bxf3 37. Rg5+ Bxg5 38. Qxg5+ Kh7 39. Qh4+ Kg6 40. Qf6+ Kh7
41. Qh8+ Kg6 42. Qf6+ Kh7 43. Qh4+ Kg6 44. g4 1/2-1/2

[Event "Reykjavik Open 2026"]
[Site "Reykjavik ISL"]
[Date "2026.03.31"]
[Round "9.16"]
[White "Narva, Mai"]
[Black "Brodsky, David"]
[Result "1/2-1/2"]
[WhiteTitle "IM"]
[BlackTitle "GM"]
[WhiteElo "2413"]
[BlackElo "2505"]
[WhiteFideId "4500512"]
[BlackFideId "2073250"]
[EventDate "2026.03.25"]

1. e4 c5 2. Nf3 d6 3. Bb5+ Nd7 4. a4 Nf6 5. Nc3 a6 6. Be2 g6 7. a5 Bg7 8. O-O
O-O 9. d3 b5 10. axb6 Nxb6 11. Qd2 a5 12. Qg5 Ne8 13. Qh4 Nc7 14. Bh6 e5 15.
Bxg7 Qxh4 16. Nxh4 Kxg7 17. f4 f6 18. g3 Bd7 19. Ng2 Nb5 20. Nxb5 Bxb5 21. Ne3
a4 22. Bg4 Rae8 23. Rfe1 Bc6 24. Kf2 Re7 25. h4 Rb8 26. Ra3 h5 27. Bf3 Nc8 28.
Ra2 Reb7 29. Rb1 Be8 30. Ke2 Ne7 31. Kf2 Rb4 32. Bd1 Bf7 33. c4 Be8 34. Nc2 R4b7
35. Ne3 Nc6 36. Nd5 Nb4 37. Nxb4 Rxb4 38. Ke3 g5 39. fxg5 fxg5 40. hxg5 Kg6 41.
Rba1 Kxg5 42. Bxa4 Bxa4 43. Rxa4 Rxb2 44. R4a2 Rxa2 45. Rxa2 Kg4 46. Rh2 Rb1 47.
Rh4+ Kg5 48. Kf3 Rf1+ 49. Ke3 Rg1 50. Kf3 Rf1+ 51. Ke3 Rg1 52. Kf3 Rf1+ 1/2-1/2

[Event "Reykjavik Open 2026"]
[Site "Reykjavik ISL"]
[Date "2026.03.31"]
[Round "9.17"]
[White "Soderstrom, Adrian"]
[Black "Razafindratsima, Timothe"]
[Result "0-1"]
[WhiteTitle "FM"]
[BlackTitle "IM"]
[WhiteElo "2374"]
[BlackElo "2504"]
[WhiteFideId "1745786"]
[BlackFideId "36069884"]
[EventDate "2026.03.25"]

1. e4 c5 2. Nf3 d6 3. d4 cxd4 4. Nxd4 Nf6 5. Nc3 a6 6. Bg5 Nbd7 7. Qe2 e6 8. g4
h6 9. Be3 Nc5 10. f3 b5 11. a3 Bb7 12. h4 e5 13. Nf5 g6 14. Ng3 Ne6 15. O-O-O
Rc8 16. Qe1 Be7 17. Bh3 Nd7 18. g5 hxg5 19. hxg5 Nxg5 20. Bxd7+ Kxd7 21. f4 exf4
22. Bxf4 Rxh1 23. Qxh1 Ne6 24. Qh3 Kc7 25. Bd2 Kb8 26. Rf1 Bg5 27. Bxg5 Qxg5+
28. Kb1 Qe5 29. Qg4 Rc7 30. Nge2 a5 31. Rd1 Rc4 32. Qf3 Ng5 33. Qe3 Nxe4 34. Qb6
b4 35. Nb5 bxa3 36. Ned4 a2+ 37. Ka1 Qc5 38. Qd8+ Bc8 39. Qxa5 Bd7 40. b4 Rxb4
41. Nc6+ Qxc6 42. Qxb4 Qxb5 43. Qxe4 Be6 44. Qd4 Qe5 45. Qb2+ Kc7 46. c3 g5 47.
Rc1 g4 48. Qf2 Qc5 49. Qe1 Kd7 50. Rc2 Bc4 51. Qh1 Qd5 52. Qg1 Ke7 53. Rc1 Qd2
54. Qh1 Be6 55. Qh4+ Kd7 56. Qh1 Ke7 57. Qh4+ Kd7 58. Qh1 g3 59. Qb7+ Kd8 60.
Qb6+ Ke7 61. Qc7+ Kf6 62. Rg1 g2 63. Qc6 Qe3 64. Qxg2 Qxc3+ 65. Qb2 Qxb2+ 66.
Kxb2 Bc4 67. Kc3 d5 68. Kd4 Kf5 69. Re1 Kf4 70. Rc1 f5 71. Re1 Kg4 72. Ke3 f4+
73. Kf2 d4 74. Ra1 d3 75. Ke1 f3 76. Kf2 Kf4 77. Rc1 Bb3 78. Ra1 d2 79. Rc1
dxc1=N 0-1

[Event "Reykjavik Open 2026"]
[Site "Reykjavik ISL"]
[Date "2026.03.31"]
[Round "9.18"]
[White "Magold, Filip"]
[Black "Manish Anto, Cristiano F"]
[Result "1-0"]
[WhiteTitle "IM"]
[BlackTitle "IM"]
[WhiteElo "2484"]
[BlackElo "2384"]
[WhiteFideId "1254456"]
[BlackFideId "25095927"]
[EventDate "2026.03.25"]

1. e4 e5 2. Nf3 Nc6 3. Bb5 a6 4. Ba4 Nf6 5. O-O Be7 6. Re1 b5 7. Bb3 d6 8. c3
O-O 9. h3 Nb8 10. d4 Nbd7 11. Nbd2 Bb7 12. Bc2 Re8 13. Nf1 Bf8 14. Ng3 g6 15. b3
Bg7 16. d5 c6 17. c4 Nb6 18. Bd3 cxd5 19. cxd5 Nbxd5 20. exd5 e4 21. Bxe4 Nxe4
22. Nxe4 Rxe4 23. Rxe4 Bxa1 24. Bg5 Bf6 25. h4 Bxg5 26. hxg5 Qd7 27. Nh2 Qf5 28.
Ng4 Qxg5 29. Qd4 f5 30. Re7 1-0